Score 0/14 Timer 04:00
0 Plays Today
Birth State President % Correct
HawaiiBarack Obama
99.6%
ConnecticutGeorge W. Bush
90.3%
IllinoisRonald Reagan
83.7%
MassachusettsGeorge H.W. Bush
80.3%
NebraskaGerald Ford
70%
KentuckyAbraham Lincoln
59.9%
South Carolina/North Carolina border Andrew Jackson
50.4%
Birth State President % Correct
VirginiaWoodrow Wilson
47.3%
VermontCalvin Coolidge
45.5%
North CarolinaAndrew Johnson
39.5%
VirginiaWilliam Henry Harrison
36%
North CarolinaJames Polk
35.6%
OhioBenjamin Harrison
35.5%
New JerseyGrover Cleveland
35.1%
Remove Ads.
Support Sporcle.
Get the best of Sporcle when you Go Orange. This ad-free experience offers more features, more stats, and more fun while also helping to support Sporcle. Thank you for becoming a member.

You're not logged in!

Compare scores with friends on all Sporcle quizzes.
OR
Log In

Show Comments

Extras

Top Quizzes Today


Score Distribution

Your Account Isn't Verified!

In order to create a playlist on Sporcle, you need to verify the email address you used during registration. Go to your Sporcle Settings to finish the process.

Report this User

Report this user for behavior that violates our Community Guidelines.

Details: